000 00362nam a2200133Ia 4500
005 20260328104252.0
008 260328s9999||||xx |||||||||||||| ||und||
100 _aDomin, Christopher
245 0 _aPaul Rudolph :
_b The Florida Houses /
_cChristopher Domin
260 _bPrinceton Architectural Press
300 _a237 p.
650 _aARQUITECTOS
942 _cBK
999 _c10289
_d10289